| 000 | 00756nam a2200241 i 4500 | ||
|---|---|---|---|
| 001 | 102247 | ||
| 003 | ES-MaACL | ||
| 005 | 20260525062930.0 | ||
| 007 | t| | ||
| 008 | 051107s1955 sp ||||1| spa d | ||
| 040 | _cES-MaACL | ||
| 100 | 1 |
_aMenéndez Pidal, Ramón, _d1869-1968 _980315 _eaut |
|
| 245 | 1 | 0 |
_aCastilla : _bLa tradición, el idioma / _cRamón Menéndez Pidal. |
| 250 | _aTercera edición | ||
| 260 |
_aMadrid : _bEspasa-Calpe, _c1955. |
||
| 300 |
_a230 páginas ; _c18 cm. |
||
| 490 | 1 |
_aColección austral ; _v501 |
|
| 830 | 1 |
_aColección austral _v501 _9177655 |
|
| 852 |
_aES-MaACL _jC-10676 _bR.38371 _9106057 _cSPAL |
||
| 942 |
_cMONOGRAFIA _n0 |
||
| 999 |
_c102247 _d102247 |
||